[Event "Centralserbian-chT 2020"]
[Site "Bajina basta"]
[Date "2020.10.11"]
[Round "2.2"]
[White "Sredojevic, Ivan"]
[Black "Spasic, Petar"]
[Result "0-1"]
[WhiteElo "2258"]
[BlackElo "2251"]
[Annotator "TA"]
[PlyCount "82"]
[EventDate "2020.10.10"]
[EventType "team-tourn"]
[EventCountry "SRB"]
[SourceTitle "playchess.com"]
[Source "ChessBase"]
[SourceQuality "1"]

{[%evp 13,82,6,70,29,20,23,20,4,0,6,10,15,14,6,26,24,65,67,57,48,63,61,72,40,40,29,52,45,49,52,60,41,60,47,76,73,72,52,50,57,54,27,36,16,35,40,32,25,102,108,103,2,2,0,0,0,190,186,174,167,539,529,539,532,518,508,498,-951,-905,-1223,-943]} 1. e4 c5 2. c3 e5 3. Nf3 Nc6 4. Bc4 Be7 5. O-O Nf6 6. Re1 O-O 7. d4 d6 (7... cxd4 $11 8. cxd4 exd4) 8. dxe5 {C41: Philidor Defence.} dxe5 9. Nbd2 {[%cal Bb1d2,Bd2c4,Bc4e3,Be3d5][%mdl 32] [#]} Qc7 $146 ({Predecessor:} 9... a6 10. a4 Rb8 11. Qe2 Bg4 12. Nf1 Na5 13. Ba2 b5 14. Ne3 Bh5 15. Nf5 bxa4 {½-½ (28) Nowacki,K (1676)-Gadek,M (1823) Polanica Zdroj 2007}) 10. a4 {The position is equal.} b6 11. Qe2 Bb7 12. Ba6 Bxa6 13. Qxa6 Na5 14. Nc4 Nb3 15. Rb1 $1 Nd7 16. Ne3 Qc6 17. Nd5 Bd6 18. Be3 c4 19. Rbd1 Na5 20. Qb5 {And now Qxc6 would win.} Rfd8 21. Nb4 Bxb4 22. cxb4 Qxb5 23. axb5 Nb3 24. Rd5 {[#] Red1 is the strong threat.} Nf6 25. Rxd8+ Rxd8 26. Nxe5 Nxe4 27. Nxc4 (27. Nc6 {keeps more tension.} Rd7 28. f3 Nf6 29. Kf2 h6 30. Re2) 27... Rd5 28. h4 f5 29. f3 $36 {[%mdl 2048] White has the initiative.} Nf6 30. Bg5 Rxb5 (30... Kf8 $1 $11 {keeps the balance.}) 31. Bxf6 $16 gxf6 $11 {[%mdl 4096] Endgame [#] KRN-KRN} 32. Re8+ ({White should try} 32. Nd6 $1 $16 {[%cal Rd6b5]} Rd5 33. Re6) 32... Kg7 33. Nd6 Rxb4 34. Nxf5+ Kf7 $2 (34... Kg6 $11 {and Black is okay.} 35. Nd6 h5) 35. Re7+ $18 Kf8 36. Rxh7 Nc5 $2 (36... Nd4 {is a better chance.}) 37. h5 Kg8 38. Rg7+ Kh8 {next ...Rf4 is good for Black.} 39. h6 {Nd6 would kill now.} Ne6 40. Ne7 $4 {[%mdl 8192]} (40. Rxa7 $18 Rb5 41. Nd6) 40... Nxg7 $19 41. hxg7+ Kxg7 {Accuracy: White = 75%, Black = 78%.} 0-1

[Event "Centralserbian-chT 2020"]
[Site "Bajina basta"]
[Date "2020.10.11"]
[Round "2.4"]
[White "Ivanovic, Dragutin"]
[Black "Banjovic, Sasa"]
[Result "1-0"]
[WhiteElo "2307"]
[BlackElo "2121"]
[Annotator "TA"]
[PlyCount "72"]
[EventDate "2020.10.10"]
[EventType "team-tourn"]
[EventCountry "SRB"]
[SourceTitle "playchess.com"]
[Source "ChessBase"]
[SourceQuality "1"]

{[%evp 9,72,-19,0,0,0,-8,2,-17,-14,-4,-4,-6,-13,-54,-14,-25,-29,-54,-3,-34,-22,-6,-11,-27,-44,-104,-110,-128,-138,-151,-52,-66,-49,-137,0,-115,-71,-61,-70,-84,-10,-28,-19,-96,-93,-118,-122,-122,-30,-104,0,0,0,0,0,-6,0,0,0,0,0,0,-2,0,0]} 1. Nf3 f5 2. d3 d6 3. e4 e5 4. exf5 Bxf5 5. g3 c5 6. Bg2 {A04: Unusual lines after 1 Nf3 and King's Indian Attack.} Nc6 {[#]} 7. O-O $146 ({Predecessor:} 7. Nh4 Be6 8. O-O Be7 9. Nf3 Qd7 10. Re1 Bh3 11. c3 Bxg2 12. Kxg2 Nf6 13. Nbd2 O-O 14. Ne4 h6 {½-½ (14) Eretova,J (2133)-Mauerer,F (2100) Czechia 2011}) 7... Be7 8. c3 Nf6 9. d4 e4 10. Nh4 Bg4 11. Qb3 Na5 12. Qa4+ Bd7 13. Qc2 cxd4 (13... d5 $15) 14. cxd4 d5 15. f3 Bb5 $36 {[%mdl 2048] aiming for ...Rc8. Black is pushing.} 16. Re1 Bd3 17. Qf2 (17. Qd1 $15) 17... O-O $17 18. Nf5 Bb4 19. Bd2 Qb6 (19... Nc6 $17 {Strongly threatening ...e3!} 20. Qe3 exf3 21. Qxd3 fxg2) 20. Bxb4 $15 Qxb4 21. Nc3 (21. Qd2 $15 Qb6 22. Nc3) 21... Rae8 (21... g6 $17 22. a3 Qc4) 22. a3 (22. g4 $1 $11) 22... Qb6 23. Na4 Qd8 {[#] Threatens to win with ...Qd7.} 24. Nc5 exf3 ({Black should try} 24... g6 $17 25. Ne3 b6 26. Nxd3 exd3) 25. Nxd3 {Hoping for Rxe8.} fxg2 26. Qxg2 (26. Rxe8 $11 {remains equal.} Qxe8 27. Qxg2) 26... Ne4 27. Rf1 Nb3 28. Rad1 {[%cal Ba1d1,Bd1d2,Bd2e2][%mdl 32]} g6 ({Black should play} 28... Qb6 $17 {...g6 is the strong threat.} 29. Nb4 {[#]} Rxf5 $1 {[%mdl 512]} 30. Rxf5 Nxd4) 29. Qc2 (29. Ne3 $11) 29... Nbd2 ({Better is} 29... Qb6 $17 30. Nc5 Nexc5 31. dxc5 Nxc5) 30. Nh6+ $11 {The position is equal.} Kg7 31. Rxf8 Rxf8 32. Rxd2 Qg5 33. Re2 Kxh6 34. Kg2 Qf5 {[%csl Gf8][%cal Rf5f1]} 35. Qc1+ $1 g5 {( -> ...Qf3+)} 36. Ne5 Kg7 {[%mdl 32768] Accuracy: White = 68%, Black = 63%. . Sensor Board Error (Ke4/e5)?} 1-0

[Event "Centralserbian-chT 2020"]
[Site "Bajina basta"]
[Date "2020.10.11"]
[Round "2.8"]
[White "Dizdarevic, Emir"]
[Black "Irizanin, Radoje"]
[Result "1-0"]
[WhiteElo "2444"]
[BlackElo "2331"]
[Annotator "TA"]
[PlyCount "49"]
[EventDate "2020.10.10"]
[EventType "team-tourn"]
[EventCountry "SRB"]
[SourceTitle "playchess.com"]
[Source "ChessBase"]
[SourceQuality "1"]

{[%evp 9,49,23,110,112,113,116,160,68,86,90,209,236,230,222,308,291,372,374,357,372,358,367,480,485,450,381,403,393,669,652,725,656,637,627,903,884,1124,968,1451,1430,1676,1270]} 1. Nf3 b6 2. g3 Bb7 3. Bg2 e5 4. c4 e4 {[#]} 5. Nh4 $146 ({Predecessor:} 5. Nd4 Bc5 6. Nb3 Be7 7. Nc3 f5 8. d3 Nf6 9. dxe4 fxe4 10. Qc2 O-O 11. Nxe4 {0-1 (52) Anton Guijarro,D (2674)-Larino Nieto,D (2473) chess24.com INT 2020}) 5... g5 (5... Nh6 $11 {remains equal.}) 6. Nf5 $16 {A04: Unusual lines after 1 Nf3 and King's Indian Attack.} Ne7 7. Ne3 Bg7 {[#]} 8. d3 ({White should play} 8. h4 $1 $16) 8... f5 $14 9. dxe4 fxe4 (9... f4 $16 {keeps fighting.}) 10. Nd2 $18 O-O 11. Nxe4 Bxe4 12. Bxe4 Nbc6 13. h4 g4 14. Nxg4 Kh8 15. h5 Nf5 16. h6 Bd4 17. e3 Qe7 18. Bd5 Ne5 $2 {[#]} (18... Qd6 19. exd4 Rae8+ 20. Be3 Nxe3 21. fxe3 Nb4) 19. Bxa8 {White is clearly winning.} c6 20. Nxe5 Bxe5 21. Qd3 Nxg3 22. fxg3 Bxg3+ 23. Kd1 Rf2 24. Bd2 Qe6 25. Qd4+ {Accuracy: White = 69%, Black = 32%.} 1-0

[Event "Centralserbian-chT 2020"]
[Site "Bajina basta"]
[Date "2020.10.11"]
[Round "2.9"]
[White "Marinkovic, Ivan"]
[Black "Vratonjic, Slobo"]
[Result "1/2-1/2"]
[WhiteElo "2451"]
[BlackElo "2341"]
[Annotator "TA"]
[PlyCount "31"]
[EventDate "2020.10.10"]
[EventType "team-tourn"]
[EventCountry "SRB"]
[SourceTitle "playchess.com"]
[Source "ChessBase"]
[SourceQuality "1"]

{[%evp 12,17,11,9,9,10,7,6]} 1. Nf3 c5 2. c4 Nc6 3. g3 g6 4. Bg2 Bg7 5. O-O d6 6. Nc3 Nh6 {6...e6 is a critical line.} 7. d3 {The position is equal.} Nf5 {A37: Symmetrical English vs ...g6: 4 Bg2 Bg7 5 Nf3.} 8. Rb1 O-O 9. a3 {[#] An uneventful encounter.} {Predecessor:} Bd7 $146 10. Bd2 Rc8 11. b4 b6 12. b5 Ncd4 13. Nxd4 Nxd4 14. e3 Nf5 15. Ne2 Rc7 16. Bc3 {½-½ (16) Vo,T (2358)-Nguyen,A (2458) Ho Chi Minh City 2019} 1/2-1/2

[Event "Centralserbian-chT 2020"]
[Site "Bajina basta"]
[Date "2020.10.11"]
[Round "2.13"]
[White "Delchev, Aleksander"]
[Black "Budisavljevic, Luka"]
[Result "0-1"]
[WhiteElo "2548"]
[BlackElo "2454"]
[Annotator "TA"]
[PlyCount "70"]
[EventDate "2020.10.10"]
[EventType "team-tourn"]
[EventCountry "SRB"]
[SourceTitle "playchess.com"]
[Source "ChessBase"]
[SourceQuality "1"]

{[%evp 17,70,7,27,19,23,26,10,16,35,45,42,0,0,0,11,0,20,24,33,0,8,8,22,11,37,36,89,0,0,28,18,0,0,0,0,0,0,-142,-135,-310,-328,-325,-314,-394,-393,-393,-402,-425,-425,-425,-425,-418,-413,-4782,-3357]} 1. e4 c5 2. Nf3 e6 3. g3 d5 4. exd5 exd5 5. d4 Nf6 6. Bg2 Be7 7. O-O O-O 8. dxc5 Bxc5 9. Nc3 Nc6 10. a3 {[#] B40: Sicilian: 2...e6, Unusual lines.} Bg4 $146 ({Predecessor:} 10... Re8 11. b4 d4 12. Na4 Bf8 13. Bb2 Bg4 14. h3 Bh5 15. g4 Bg6 16. Nxd4 Nxd4 17. Qxd4 Qc7 {1-0 (50) Indjic,A (2619)-Kobalia,M (2609) Moscow 2019}) 11. h3 Be6 12. b4 {The position is equal.} Be7 13. Bb2 Qd7 14. Kh2 Rad8 15. Re1 Rfe8 16. Nd4 h5 17. Nxe6 fxe6 18. Na4 h4 19. c4 hxg3+ 20. fxg3 d4 21. c5 Bf8 ({Black should play} 21... e5 $14) 22. Rc1 (22. Qb3 $16) 22... Ne7 $11 23. Qb3 Nf5 24. c6 Qf7 $1 25. c7 ({Much worse is} 25. cxb7 Bd6 $15) 25... Rc8 {...Bd6 is the strong threat.} 26. Bxb7 Rxc7 27. Bc6 (27. Rxc7 $11 Qxc7 28. Rxe6) 27... Rec8 $17 28. b5 $2 {Loses the game.} (28. Qxe6 $17 Qxe6 29. Rxe6) 28... Bd6 $19 29. Qxe6 Bxg3+ {[%mdl 64] [#] Double Attack} 30. Kh1 Bxe1 31. Qxf5 Bd2 32. Rd1 Be3 {aiming for ...Qb3!} 33. Nc5 Rxc6 34. bxc6 Rxc6 35. Nd3 (35. Bxd4 $142 Rd6 36. Bxe3 Rxd1+ 37. Kh2) 35... Rc2 {Accuracy: White = 63%, Black = 95%.} 0-1

[Event "Centralserbian-chT 2020"]
[Site "Bajina basta"]
[Date "2020.10.11"]
[Round "2.14"]
[White "Maksimovic, Bojan"]
[Black "Radovanovic, Mihajlo"]
[Result "1/2-1/2"]
[WhiteElo "2398"]
[BlackElo "2457"]
[Annotator "TA"]
[PlyCount "120"]
[EventDate "2020.10.10"]
[EventType "team-tourn"]
[EventCountry "SRB"]
[SourceTitle "playchess.com"]
[Source "ChessBase"]
[SourceQuality "1"]

{[%evp 11,120,15,22,31,40,39,45,20,54,45,134,9,31,33,33,6,25,0,37,37,37,29,14,22,48,48,43,42,55,45,63,57,47,37,53,69,33,0,0,0,0,0,0,0,38,0,43,0,0,0,0,0,6,0,24,0,8,8,0,0,50,48,149,0,0,0,0,0,0,0,0,0,0,0,0,0,0,0,0,0,0,0,0,0,0,0,0,0,0,-13,0,0,0,-8,-8,-8,-8,-8,-8,-8,0,0,0,0,0,0,0,0,0,0,0]} 1. e4 c5 2. Nf3 d6 3. d4 cxd4 4. Nxd4 Nf6 5. Nc3 a6 6. Bg5 Nbd7 7. Qe2 {B94: Sicilian Najdorf: 6 Bg5 Nbd7.} h6 8. Bh4 Qc7 9. O-O-O {White is slightly better.} e6 10. f4 b5 ({Black should try} 10... Be7 $14) 11. a3 (11. e5 $1 $16 {[%cal Re5f6]} dxe5 12. fxe5 Nxe5 13. Ndxb5 $1 {[%mdl 512]} axb5 14. Nxb5) 11... Be7 12. g4 Bb7 13. Kb1 Rc8 14. Rg1 g5 (14... g6 $5 {[%cal Re6e5]}) 15. fxg5 hxg5 16. Bxg5 Qb6 $1 17. Qe1 Rxc3 18. Bxf6 $1 ({Reject} 18. bxc3 Qc5 $15) 18... Nxf6 {[%cal Bd7f6,Bf6e4,Be4d2][%mdl 32]} 19. Qxc3 Nxe4 20. Qe1 Bf6 21. c3 $1 {Hoping for Bg2.} Rxh2 {[#]} 22. g5 $1 {[%cal Rg5f6][%mdl 512]} Bxd4 {[#]} ({Don't play} 22... Bxg5 $6 {[#]} 23. Rxg5 $1 {[%mdl 512]} Nxg5 24. Qg3 $16) (22... Nxg5 23. Qg3) 23. cxd4 $146 ({Predecessor:} 23. Rxd4 e5 24. g6 fxg6 25. Bd3 Nd2+ 26. Ka2 Nf3 27. Qg3 g5 28. Bg6+ Ke7 29. Rdd1 {½-½ (42) Albornoz Cabrera,C (2510)-Gomez Garrido,C (2511) Havana 2018}) 23... b4 $1 {[%cal Rb4a3]} 24. Qxb4 Nd2+ $1 25. Ka1 Qxb4 26. axb4 Bf3 27. Re1 Nb3+ (27... Bd5 $5 {[%cal Rd2f3]}) 28. Kb1 Be4+ {[%mdl 64] Decoy} 29. Rxe4 Nd2+ 30. Kc1 Nxe4 $11 {[%mdl 4096] Endgame KRB-KRN} 31. d5 e5 32. Bxa6 Rd2 33. Bb7 Rd4 34. b5 Rc4+ 35. Kd1 Kd8 36. Bc6 Kc7 (36... Rb4 $14) 37. Ke2 (37. Be8 $16) 37... Rb4 {The position is equal.} 38. Kd3 Kb6 39. Be8 Nc5+ 40. Kc3 Rf4 41. b4 Rf3+ 42. Kb2 Nd3+ 43. Kc3 Nf4+ 44. Kb2 Rf2+ 45. Kb3 Ne2 46. Ra1 {And now Ra6+ would win.} Nd4+ 47. Kc4 {aiming for Ra6+.} Nxb5 $1 48. Bxb5 {Ra6+ is the strong threat. KRB-KR} Rf4+ 49. Kc3 Kxb5 {KR-KR} 50. Ra5+ Kb6 51. Ra8 Rg4 52. Rc8 Rxg5 53. Rc6+ $1 Kb5 {White must now prevent ...Rg6.} 54. Rxd6 Rg3+ 55. Kd2 f5 56. Re6 e4 {Threatens to win with ...Rd3+.} 57. Ke2 Rd3 58. Re5 Kxb4 59. Rxf5 Kc5 60. d6+ Kxd6 {Accuracy: White = 85%, Black = 77%.} 1/2-1/2

[Event "Centralserbian-chT 2020"]
[Site "Bajina basta"]
[Date "2020.10.11"]
[Round "2.15"]
[White "Ivanovic, Marko"]
[Black "Radovic, Janko"]
[Result "1-0"]
[WhiteElo "2277"]
[BlackElo "2433"]
[Annotator "TA"]
[PlyCount "43"]
[EventDate "2020.10.10"]
[EventType "team-tourn"]
[EventCountry "SRB"]
[SourceTitle "playchess.com"]
[Source "ChessBase"]
[SourceQuality "1"]

{[%evp 15,43,8,16,0,0,0,6,0,0,0,0,0,0,0,0,0,0,-28,-17,-11,-18,-39,-22,-70,0,0,0,0,0,-19]} 1. Nf3 Nf6 2. d4 e6 3. Bg5 c5 4. e3 Be7 5. Nbd2 b6 6. Bd3 Bb7 7. c3 cxd4 8. exd4 {8.cxd4 is more fashionable.} d6 9. Bxf6 {A47: 1 d4 Nf6 2 Nf3 b6: Torre, London and Colle Systems.} Bxf6 10. Qe2 Nd7 {[%cal Bb8d7,Bd7f6,Bf6d5,Bd5f4,Bf4d3][%mdl 32]} 11. h4 Be7 12. O-O-O a6 13. Kb1 b5 {[#]} 14. g4 $146 ({Predecessor:} 14. Ne4 Nb6 15. Neg5 h6 16. Be4 Qd7 17. Bxb7 Qxb7 18. Ne4 Nd5 19. Rhe1 Rc8 20. g4 {0-1 (56) Ivanisevic,I (2588)-Gashimov,V (2625) playchess.com INT 2006}) 14... Nf6 15. g5 Nd5 16. Ne4 Nf4 17. Qe3 Nxd3 18. Rxd3 Bd5 19. h5 a5 (19... h6 $15 20. g6 f5) 20. Rg1 $11 {The position is equal.} h6 21. gxh6 gxh6 22. Qf4 {[%mdl 32768] Accuracy: White = 86%, Black = 90%. . Loss on time!?} 1-0

[Event "Centralserbian-chT 2020"]
[Site "Bajina basta"]
[Date "2020.10.11"]
[Round "2.16"]
[White "Radovic, Luka"]
[Black "Pavlovic, Goran"]
[Result "1/2-1/2"]
[WhiteElo "2334"]
[BlackElo "2345"]
[Annotator "TA"]
[PlyCount "43"]
[EventDate "2020.10.10"]
[EventType "team-tourn"]
[EventCountry "SRB"]
[SourceTitle "playchess.com"]
[Source "ChessBase"]
[SourceQuality "1"]

{[%evp 17,43,-8,22,0,0,0,-1,-31,-14,-17,-20,-28,0,-9,0,0,14,-6,-20,0,39,0,5,16,8,18,14,-14]} 1. Nf3 Nf6 2. c4 g6 3. g3 Bg7 4. Bg2 O-O 5. O-O d6 6. Nc3 e5 7. d3 Nc6 8. Rb1 a5 9. a3 Bf5 {9...Re8 gains popularity.} 10. Ne1 {A26: English Opening vs King's Indian with ...Nc6 and d3.} Qd7 {[#]} 11. Nc2 $146 ({Predecessor:} 11. b4 axb4 12. axb4 Bh3 13. b5 Bxg2 14. Kxg2 Nd4 15. Nc2 h6 16. e3 Ne6 17. e4 Nh7 {½-½ (34) Etruk,R (2415)-Mochalov,E Riga 1975}) 11... Bh3 12. b4 Bxg2 13. Kxg2 axb4 14. axb4 {[%cal Ba3b4,Bb4b5][%mdl 32]} Ne7 15. e4 c6 16. b5 d5 17. Ba3 d4 18. Ne2 Ne8 19. Qd2 Nc7 {[%cal Rc6b5] The position is equal.} 20. bxc6 bxc6 21. Rb7 Rfe8 22. Kg1 {A rather calm draw. Accuracy: White = 71%, Black = 91%.} 1/2-1/2

[Event "Centralserbian-chT 2020"]
[Site "Bajina basta"]
[Date "2020.10.12"]
[Round "3.1"]
[White "Drenchev, Petar"]
[Black "Ivic, Velimir"]
[Result "0-1"]
[WhiteElo "2434"]
[BlackElo "2548"]
[Annotator "TA"]
[PlyCount "30"]
[EventDate "2020.10.10"]
[EventType "team-tourn"]
[EventCountry "SRB"]
[SourceTitle "playchess.com"]
[Source "ChessBase"]
[SourceQuality "1"]

{[%evp 11,30,25,64,9,23,-1,8,-14,-6,-6,-2,-16,-14,-13,-10,-117,-114,-111,-114,-91,-72]} 1. d4 Nf6 2. c4 g6 3. Nc3 d5 4. Nf3 Bg7 5. Qb3 dxc4 6. Qxc4 Be6 7. Qa4+ {D96: Grünfeld: Russian System (5 Qb3): sidelines.} (7. Qb5+ $14 Bd7 8. Qxb7) 7... Bd7 $11 8. Qb3 {And now Ne5 would win.} c5 9. d5 {The position is equal.} b5 10. Nxb5 Na6 {White must now prevent ...Qa5+.} 11. Nc3 Rb8 $1 $36 {[%cal Rb8b3][%mdl 2048] Black is more active.} 12. Qd1 $1 Qa5 {Hoping for ...Ne4.} 13. Nd2 {[#]} (13. Bd2 $1 $11 {keeps the balance.}) 13... Nxd5 $146 {[%mdl 512] Black is better.} ({Predecessor:} 13... Ng4 14. Nb3 Qc7 15. e3 c4 16. Nd2 Ne5 17. Be2 Nd3+ 18. Bxd3 cxd3 19. O-O Nb4 {0-1 (28) Li,B (2359)-Bagi,M (2455) Zalakaros 2017}) 14. Nxd5 {Strongly threatening e4.} Ba4 15. b3 {[#]} Bc6 $1 {Accuracy: White = 65%, Black = 100%.} 0-1

[Event "Centralserbian-chT 2020"]
[Site "Bajina basta"]
[Date "2020.10.12"]
[Round "3.2"]
[White "Perunovic, Miodrag"]
[Black "Pikula, Dejan"]
[Result "1/2-1/2"]
[WhiteElo "2440"]
[BlackElo "2421"]
[Annotator "TA"]
[PlyCount "47"]
[EventDate "2020.10.10"]
[EventType "team-tourn"]
[EventCountry "SRB"]
[SourceTitle "playchess.com"]
[Source "ChessBase"]
[SourceQuality "1"]

{[%evp 17,47,50,41,30,35,35,58,50,60,60,85,84,75,69,88,74,71,88,103,89,95,80,148,140,223,233,212,225,256,96,82,0]} 1. e4 d6 2. d4 Nf6 3. Nc3 e5 4. Nf3 Nbd7 5. Bc4 Be7 6. a4 O-O 7. O-O c6 8. Re1 h6 9. h3 Re8 10. Ba2 {C41: Philidor Defence.} Bf8 {10...exd4 is setting a new trend.} 11. Be3 exd4 12. Bxd4 {White is slightly better.} ({Of course not} 12. Nxd4 Nxe4 13. Nxe4 Rxe4 $15) 12... Qc7 13. Nh4 {[#]} a6 $146 ({Predecessor:} 13... c5 14. Be3 c4 15. Qd4 Ne5 16. Rad1 a6 17. f4 Nc6 18. Qxc4 Be6 19. Nd5 Qd8 {1-0 (44) Zhigalko,S (2655)-Danielyan,V (2307) Al Ain 2015}) 14. Ng6 b5 15. Nxf8 Kxf8 16. axb5 axb5 17. b4 Rb8 18. Qd3 Ne5 19. Qg3 g5 ({Better is} 19... c5 20. bxc5 dxc5) 20. Qe3 $16 Be6 (20... Nh5 $16 {keeps fighting.} 21. Ne2 Qe7) 21. f4 $18 gxf4 22. Qxf4 {[%mdl 64] [#] Double Attack} Ng8 23. Re3 $2 (23. Ne2 $18) 23... Ra8 $16 24. Ree1 {Accuracy: White = 80%, Black = 58%.} (24. Rg3 $16) 1/2-1/2

[Event "Centralserbian-chT 2020"]
[Site "Bajina basta"]
[Date "2020.10.12"]
[Round "3.3"]
[White "Brkljaca, Ante"]
[Black "Pavlovic, Dejan S"]
[Result "1/2-1/2"]
[WhiteElo "2266"]
[BlackElo "2390"]
[Annotator "TA"]
[PlyCount "75"]
[EventDate "2020.10.10"]
[EventType "team-tourn"]
[EventCountry "SRB"]
[SourceTitle "playchess.com"]
[Source "ChessBase"]
[SourceQuality "1"]

{[%evp 21,75,0,2,1,4,1,14,0,19,0,0,-20,0,-15,-16,-39,-39,-50,-39,-47,-41,-43,-47,-40,-46,-49,-45,-71,-69,-64,-60,-71,-62,-66,-17,-64,-77,-79,-60,-116,-124,-120,-100,-100,-34,-41,-31,-35,-10,-10,0,0,0,-4,0,0]} 1. d4 d5 2. Nf3 Nf6 3. c4 c6 4. Nc3 e6 5. e3 Nbd7 6. Qc2 Bd6 7. Be2 O-O 8. O-O dxc4 9. Bxc4 b5 10. Bd3 Bb7 11. e4 $1 {[%mdl 4] outshines the older 11.a3.} e5 12. Bg5 {D46: Semi-Slav: 5 e3 Nbd7 6 Bd3, Black avoids the Meran.} exd4 13. Nxd4 {[#]} Bxh2+ $1 {[%mdl 512]} 14. Kxh2 {aiming for Nf3.} Ng4+ {[%mdl 64] Discovered Attack} 15. Kg3 $1 Qxg5 16. f4 $1 {[%cal Rf4g5]} Qd8 {...Ne3 is the strong threat.} 17. Kxg4 Nf6+ {[%cal Bd7f6,Bf6h5,Bh5f4,Bf4g6,Bg6e5,Be5c4][%mdl 32]} 18. Kg3 Qxd4 19. e5 Nh5+ 20. Kh2 g6 {[#]} 21. Rad1 $146 {[#] Strongly threatening Bxg6.} ({Predecessor:} 21. Ne4 c5 22. g4 c4 23. gxh5 cxd3 24. Nf6+ Kg7 25. Qf2 Qxf2+ 26. Rxf2 Rfd8 27. Rd2 {0-1 (46) Berczes,D (2512)-Ivanov,S (2530) Stockholm 2010}) 21... Nxf4 22. Bxg6 $1 Qxe5 23. Bxh7+ Kg7 {( -> ...Ne2+)} 24. Qf5 Ng6+ 25. Qxe5+ Nxe5 26. Bf5 Rad8 27. Ne4 Nc4 {Hoping for ...Rxd1.} 28. Rxd8 Rxd8 29. Rf2 Rd5 30. Bh3 (30. g4 $15) 30... Re5 $17 31. Ng3 Ne3 32. Rd2 Nd5 (32... c5 $17 {Threatens to win with ...Bd5.} 33. Rd7 Bd5 34. Rxa7 c4) 33. Nf5+ $15 Kf8 34. Nd6 Re7 35. Rd4 {The position is equal.} b4 36. Rh4 {And now Nf5 would win.} Kg8 $1 37. Rg4+ Kf8 38. Rh4 {Accuracy: White = 86%, Black = 81%.} 1/2-1/2

[Event "Centralserbian-chT 2020"]
[Site "Bajina basta"]
[Date "2020.10.12"]
[Round "3.4"]
[White "Radivojevic, Ivan"]
[Black "Vojinovic, Luka"]
[Result "0-1"]
[WhiteElo "2365"]
[BlackElo "2271"]
[Annotator "TA"]
[PlyCount "78"]
[EventDate "2020.10.10"]
[EventType "team-tourn"]
[EventCountry "SRB"]
[SourceTitle "playchess.com"]
[Source "ChessBase"]
[SourceQuality "1"]

{[%evp 9,78,9,32,23,33,14,20,19,19,14,31,0,2,10,15,5,8,21,22,-14,0,0,0,-3,0,0,0,-10,0,0,17,8,79,10,21,0,0,-36,-29,-118,-114,-131,-95,-101,-28,-79,0,-20,-20,-259,-247,-273,-259,-261,-270,-262,-258,-1037,-1037,-2412,-2394,-2281,-1880,-1777,-980,-955,-920,-1762,-1565,-29991,-29992]} 1. e4 c5 2. Nc3 Nc6 3. Bb5 Nd4 4. Nf3 e6 5. Ba4 Ne7 (5... Qa5 {looks sharper.} 6. Bb3 Nxb3 7. cxb3 b5 8. O-O Bb7) 6. Nxd4 {B30: Sicilian: 2...Nc6 3 Bb5, lines without ...g6.} cxd4 7. Ne2 Nc6 8. O-O {The position is equal.} Bc5 9. d3 {[#]} d5 $146 ({Predecessor:} 9... O-O 10. Ng3 Ne7 11. Qg4 f5 12. exf5 Nxf5 13. Bg5 Qe8 14. Nh5 Qf7 15. Rae1 b6 {0-1 (31) Lipnowski,S (2135)-Baragar,F (2261) Winnipeg 2003}) 10. e5 O-O 11. c3 dxc3 12. bxc3 d4 13. Bxc6 bxc6 14. c4 Be7 15. Ng3 c5 16. Rb1 Bd7 17. Qg4 {And now Bh6! would win.} Kh8 18. f4 g6 19. Ne4 Bc6 20. Ng5 h6 {[#]} (20... Kg7 $11) 21. Ne4 (21. Nxe6 $1 $16 {[%mdl 512]} fxe6 22. Qxg6) 21... h5 $11 22. Qh3 Kg7 23. Bd2 Rb8 24. g4 (24. Qg3 $11) 24... hxg4 $17 25. Qxg4 Rxb1 26. Rxb1 Qa8 ({Better is} 26... Rh8 $17 27. Ng5 Qc8) 27. Ng5 (27. Nf6 $1 $11 Rh8 28. Be1) 27... Rb8 ({Black should try} 27... Qc8 $17) 28. Rxb8 Qxb8 29. Qh4 $2 {Now White is beyond hope.} (29. Kf2 $1 $11) 29... Bxg5 $19 30. Qxg5 Qb1+ {[%mdl 64] Double Attack} 31. Kf2 Qxd3 {[%mdl 64] Double Attack} 32. Qf6+ {[#]} Kf8 $1 33. Qh8+ $2 (33. Qd8+ Be8 34. Ke1) 33... Ke7 34. Qf6+ {[#]} Ke8 $1 {( -> ...Qf3+)} 35. Ba5 Qe3+ 36. Kf1 Qc1+ 37. Kf2 Qb2+ 38. Kf1 Qb1+ 39. Be1 Qd3+ {[%mdl 64] Double Attack. Accuracy: White = 44%, Black = 78%.} 0-1